000
00381nam a2200133Ia 4500
008
100328s9999 xx 000 0 und d
082
_b
19781
100
_a
बनहट्टी राजेंद्र
245
_a
शुंभराव
260
_b
इनामदार बंाु
630
_a
शुंभराव
730
_a
शुंभराव
942
_c
BOOK
999
_c
514041
_d
514038